[Event "Challenge"]
[Site "http://www.queenalice.com/game.php?id=1254214"]
[Date "2014.2.6"]
[Round "-"]
[White "Cavalier64"]
[Black "biano"]
[Result "1-0"]
[WhiteElo "1991"]
[BlackElo "1739"]

1. e4 e5 2. f4 exf4 3. Nf3 Be7 4. Bc4 Bh4+ 5. Kf1 Be7 6. d4 d6 7. Bxf4 Nf6 8.
Nc3 O-O 9. h3 Nbd7 10. Kf2 Nb6 11. Bd3 c6 12. Qe2 Be6 13. g4 h6 14. Rag1 d5 15.
e5 Nh7 16. Bxh7+ Kxh7 17. g5 h5 18. b3 g6 19. Nh4 Nd7 20. Nd1 Rc8 21. Ne3 Bb4
22. Nf1 Ba5 23. Ng3 Bc7 24. Nxh5 1-0

[Event "Challenge"]
[Site "http://www.queenalice.com/game.php?id=1254274"]
[Date "2014.2.6"]
[Round "-"]
[White "Cavalier64"]
[Black "Admilton"]
[Result "1-0"]
[WhiteElo "1913"]
[BlackElo "1471"]

1. e4 Nc6 2. Nf3 a6 3. d4 d6 4. Bc4 e6 5. O-O b5 6. Bb3 f6 7. Nc3 e5 8. dxe5
dxe5 9. Bd5 Bd7 10. Be3 Nge7 11. Qd2 Rb8 12. Rfd1 h6 13. Bf7+ Kxf7 14. Qxd7 Qxd7
15. Rxd7 Rc8 16. Rd2 g5 17. h3 Bg7 18. Rad1 Rhd8 19. Rxd8 Nxd8 20. g4 Ndc6 21.
a3 Nd8 22. Nd2 Nb7 23. Nb3 c5 24. Rd7 1-0

[Event "Challenge"]
[Site "http://www.queenalice.com/game.php?id=1254663"]
[Date "2014.2.8"]
[Round "-"]
[White "Cavalier64"]
[Black "wind39"]
[Result "1-0"]
[WhiteElo "1975"]
[BlackElo "1619"]

1. d4 d5 2. c4 e6 3. Nc3 Bb4 4. cxd5 exd5 5. Nf3 Nf6 6. Bg5 Bf5 7. e3 Qd7 8.
Bxf6 gxf6 9. Bd3 Bxd3 10. Qxd3 Nc6 11. O-O-O O-O-O 12. Kb1 a6 13. a3 Bxc3 14.
Qxc3 h5 15. Rd3 Qg4 16. Rg1 f5 17. h3 Qg8 18. Nd2 h4 19. b4 Ne7 20. Nb3 b5 21.
Rc1 Nc6 22. Qxc6 Rd7 23. Qa8# 1-0

[Event "Challenge"]
[Site "http://www.queenalice.com/game.php?id=1254664"]
[Date "2014.2.8"]
[Round "-"]
[White "Cavalier64"]
[Black "italomachado"]
[Result "1-0"]
[WhiteElo "1998"]
[BlackElo "1601"]

1. d4 d6 2. Nf3 c6 3. e4 b5 4. Bd3 Qa5+ 5. Bd2 b4 6. O-O h5 7. c3 c5 8. cxb4
cxb4 9. a3 Nc6 10. d5 Ne5 11. Nxe5 dxe5 12. Bxb4 Qb6 13. Bc3 h4 14. Nd2 h3 15.
g3 e6 16. Bxe5 Bb7 17. Qa4+ Kd8 18. Rac1 exd5 19. Bc7+ Qxc7 20. Rxc7 Kxc7 21.
Rc1+ Kd6 22. exd5 Bxd5 23. Qf4+ Kd7 24. Bf5+ Be6 25. Bxe6+ fxe6 26. Qc7+ Ke8 27.
Qc6+ Kf7 28. Qxa8 Bd6 29. Ne4 Rh6 30. Nxd6+ Ke7 31. Qxg8 Kf6 32. Re1 e5 33. Qf7+
Kg5 34. Qf5# 1-0

[Event "Challenge"]
[Site "http://www.queenalice.com/game.php?id=1254665"]
[Date "2014.2.8"]
[Round "-"]
[White "Cavalier64"]
[Black "italomachado"]
[Result "1-0"]
[WhiteElo "1967"]
[BlackElo "1601"]

1. e4 e5 2. Nf3 g5 3. Bc4 c6 4. O-O g4 5. Nxe5 Qh4 6. Bxf7+ Ke7 7. Bb3 d6 8. Nf7
Bg7 9. Nxh8 Bxh8 10. Bxg8 Be5 11. g3 Qh3 12. f4 Bd4+ 13. Kh1 d5 14. exd5 b5 15.
c3 Bb6 16. Be6 Bb7 17. Bxg4 Qh6 18. Qe2+ Kf8 19. d4 Nd7 20. Bxd7 cxd5 21. Bxb5
a6 22. Ba4 Bc8 23. Nd2 Bf5 24. Qe5 Be4+ 25. Nxe4 Re8 26. Qxe8+ Kg7 27. Ng5 Qg6
28. Qxg6+ Kxg6 29. Bc2+ Kg7 30. Bxh7 a5 31. Bd2 a4 32. Rae1 Bd8 33. Ne6+ Kxh7
34. Nxd8 Kh6 35. f5+ Kh5 36. f6 Kg4 37. f7 Kh3 38. Rf4 a3 39. Rh4# 1-0

[Event "Challenge"]
[Site "http://www.queenalice.com/game.php?id=1254666"]
[Date "2014.2.8"]
[Round "-"]
[White "Cavalier64"]
[Black "marreta7"]
[Result "1-0"]
[WhiteElo "1970"]
[BlackElo "1648"]

1. e4 e5 2. f4 Nc6 3. Nf3 Qe7 4. Nc3 a6 5. Bc4 h6 6. Bb3 Nf6 7. d3 b5 8. Be3 Ng4
9. Bg1 exf4 10. Qe2 d6 11. Nd5 Qd7 12. Nxf4 b4 13. Ba4 Be7 14. d4 Bb7 15. d5
Bh4+ 16. Nxh4 Nd4 17. Bxd7+ Kxd7 18. Qxg4+ Ke7 19. Bxd4 g5 20. Nf5+ Kd7 21. Nh5
c5 22. dxc6+ Bxc6 23. Bxh8 Rxh8 24. Nd4+ Kc7 25. Nxc6 Kxc6 26. O-O-O a5 27. Rd5
a4 28. Qe2 b3 29. Qa6+ Kd7 30. Qxd6+ Kc8 31. Qc6+ Kb8 32. Rb5+ Ka7 33. Qb7# 1-0

[Event "Challenge"]
[Site "http://www.queenalice.com/game.php?id=1254668"]
[Date "2014.2.8"]
[Round "-"]
[White "Cavalier64"]
[Black "ArnoBlack"]
[Result "1-0"]
[WhiteElo "2027"]
[BlackElo "1733"]

1. d4 d5 2. c4 dxc4 3. Nc3 e6 4. e4 c6 5. Bxc4 Nf6 6. Nf3 Bb4 7. Bg5 Qa5 8. Bd3
Bxc3+ 9. bxc3 Qxc3+ 10. Kf1 h6 11. Bxf6 gxf6 12. d5 exd5 13. exd5 cxd5 14. Rc1
Qc6 15. Rxc6 Nxc6 16. Bb5 Be6 17. Qe2 a6 18. Bxc6+ bxc6 19. Nd4 Kd7 20. f3 Rab8
21. Kf2 Rb7 22. Nxe6 fxe6 23. Qxa6 Rb2+ 24. Kg3 Rg8+ 25. Kh3 Kc7 26. Qa7+ Rb7
27. Qe3 Rg5 28. g4 Kd7 29. Kg3 h5 30. h4 Re5 31. Qh6 hxg4 32. Qxf6 Re3 33. Kxg4
Rb4+ 34. f4 Rbe4 35. h5 e5 36. Rf1 Rxf4+ 37. Rxf4 exf4 38. Qxf4 Re4 39. h6 Ke6
40. h7 Rxf4+ 41. Kxf4 Kd6 42. Ke3 Kc5 43. h8=Q Kd6 44. a4 Kc5 45. Qb8 d4+ 46.
Kd3 Kd5 47. a5 c5 48. Qb5 Kd6 49. a6 Kd5 50. a7 1-0

[Event "Challenge"]
[Site "http://www.queenalice.com/game.php?id=1254725"]
[Date "2014.2.8"]
[Round "-"]
[White "Cavalier64"]
[Black "landscapsy"]
[Result "1-0"]
[WhiteElo "1960"]
[BlackElo "1768"]

1. d4 d5 2. c4 dxc4 3. Nc3 c6 4. e4 b5 5. Nf3 e6 6. a3 Nf6 7. Bg5 Be7 8. g3 Nbd7
9. Bg2 Bb7 10. O-O O-O 11. Re1 h6 12. Bd2 Nh7 13. Be3 Bg5 14. Qd2 Bxe3 15. Qxe3
Re8 16. Qd2 Qc7 17. e5 Rad8 18. Re2 Nc5 19. Rd1 Nb3 20. Qe3 Rd7 21. Ree1 Qd8 22.
Qe4 Na5 23. Qe3 a6 24. Ne4 Nb3 25. Nc3 c5 26. dxc5 Bxf3 27. Rxd7 Qxd7 28. Bxf3
Qe7 29. Ne4 Ng5 30. Nd6 1-0

[Event "Challenge"]
[Site "http://www.queenalice.com/game.php?id=1255059"]
[Date "2014.2.9"]
[Round "-"]
[White "carlosufpe"]
[Black "Cavalier64"]
[Result "0-1"]
[WhiteElo "1749"]
[BlackElo "2039"]

1. d4 g6 2. Nf3 Bg7 3. e3 Nf6 4. Be2 O-O 5. O-O c6 6. c3 d5 7. b4 Nbd7 8. Bb2
Qc7 9. a4 e5 10. dxe5 Nxe5 11. Nxe5 Qxe5 12. Nd2 Bf5 13. Nf3 Qc7 14. Bd3 Bxd3
15. Qxd3 Ne4 16. Nd2 Nxd2 17. Qxd2 Rad8 18. Qc2 Qe5 19. Rfb1 Rfe8 20. Qb3 Qe4
21. Re1 b6 22. a5 b5 23. f3 Qd3 24. Rad1 Qf5 25. e4 Qd7 26. Qc2 Qc7 27. exd5
Rxe1+ 28. Rxe1 cxd5 0-1

[Event "Challenge"]
[Site "http://www.queenalice.com/game.php?id=1255231"]
[Date "2014.2.10"]
[Round "-"]
[White "Cavalier64"]
[Black "Jac"]
[Result "1-0"]
[WhiteElo "1978"]
[BlackElo "1778"]

1. e4 e5 2. f4 Nc6 3. Nf3 d6 4. Bc4 Bg4 5. c3 Nf6 6. d3 Be7 7. O-O d5 8. exd5
Nxd5 9. Bxd5 Qxd5 10. h3 Bxf3 11. Qxf3 Qxf3 12. Rxf3 exf4 13. Bxf4 O-O-O 14. Nd2
h6 15. d4 Bg5 16. Bxg5 hxg5 17. Rxf7 g4 18. Kh2 gxh3 19. Re1 hxg2+ 20. Kxg2 g5
21. Nf1 g4 22. Ng3 Na5 23. Ree7 Rd6 24. Rxc7+ Kb8 25. Nf5 Rg6 26. d5 Rc8 27.
Rxc8+ Kxc8 28. Ne7+ 1-0

[Event "Challenge"]
[Site "http://www.queenalice.com/game.php?id=1255334"]
[Date "2014.2.10"]
[Round "-"]
[White "Cavalier64"]
[Black "hdlp"]
[Result "1-0"]
[WhiteElo "1954"]
[BlackElo "1717"]

1. e4 e5 2. Nf3 Nc6 3. Bc4 h6 4. O-O Bc5 5. c3 d6 6. d4 exd4 7. cxd4 Bb6 8. Nc3
Nf6 9. h3 O-O 10. a3 Re8 11. Qb3 Re7 12. Be3 Na5 13. Qa2 Nxc4 14. Qxc4 Nxe4 15.
Nd5 Re6 16. Nxb6 d5 17. Qxd5 Qxd5 18. Nxd5 c6 19. Nc7 1-0

[Event "Challenge"]
[Site "http://www.queenalice.com/game.php?id=1255335"]
[Date "2014.2.10"]
[Round "-"]
[White "Cavalier64"]
[Black "hdlp"]
[Result "1-0"]
[WhiteElo "2017"]
[BlackElo "1730"]

1. d4 d5 2. c4 Nf6 3. Nc3 Bg4 4. f3 Bh5 5. Nh3 dxc4 6. e4 e6 7. Bxc4 Bb4 8. Bg5
h6 9. Bxf6 Qxf6 10. e5 Bxc3+ 11. bxc3 Qh4+ 12. Nf2 Nc6 13. O-O Na5 14. Qa4+ Nc6
15. Bb5 O-O 16. Bxc6 bxc6 17. Qxc6 Rac8 18. Qe4 Qg5 19. Nh3 Qd2 20. Nf4 Bg6 21.
Nxg6 fxg6 22. Qe1 Qd3 23. Rd1 Qc2 24. Rf2 Qa4 25. Rb1 Qa5 26. Rfb2 c5 27. Qe4
cxd4 28. cxd4 Kh7 29. h4 h5 30. g4 hxg4 31. fxg4 Kh6 32. h5 Kg5 33. Qxg6+ Kf4
34. Re2 Qd5 35. Qd3 Kxg4 36. Qg6+ Kf4 37. Rf1+ Qf3 38. Re4# 1-0

[Event "AUTO-ADV-3075"]
[Site "http://www.queenalice.com/game.php?id=1256043"]
[Date "2014.2.13"]
[Round "1"]
[White "Cavalier64"]
[Black "Spessatto"]
[Result "1-0"]
[WhiteElo "2048"]
[BlackElo "1890"]

1. e4 e5 2. Nf3 Nc6 3. Bb5 Nge7 4. O-O a6 5. Ba4 b5 6. Bb3 Ng6 7. d4 exd4 8.
Nxd4 Bc5 9. Nxc6 dxc6 10. Qxd8+ Kxd8 11. Bxf7 Ne5 12. Bg5+ Be7 13. Rd1+ Bd7 14.
Bxe7+ Kxe7 15. Bh5 g6 16. Be2 Rad8 17. Nc3 Bg4 18. f3 Be6 19. b3 c5 20. Rxd8
Rxd8 21. Rd1 Rd6 22. Kf2 c4 23. Ke3 Nc6 24. f4 Nb4 25. Rd2 h6 26. bxc4 bxc4 27.
g4 Rxd2 28. Kxd2 a5 29. a3 Nc6 30. Ke3 Kf6 31. Nb5 Bf7 32. Nxc7 g5 33. e5+ Kg7
34. e6 1-0

[Event "AUTO-ADV-3075"]
[Site "http://www.queenalice.com/game.php?id=1256044"]
[Date "2014.2.13"]
[Round "1"]
[White "Spessatto"]
[Black "Cavalier64"]
[Result "0-1"]
[WhiteElo "1661"]
[BlackElo "2059"]

1. d4 g6 2. h3 Bg7 3. Nf3 Nf6 4. Bf4 d5 5. e3 O-O 6. Bd3 Nc6 7. c3 Nd7 8. Nbd2
e5 9. dxe5 Ndxe5 10. Bb5 Nxf3+ 11. Nxf3 Ne7 12. O-O c6 13. Bd3 Bf5 14. Nd4 Bxd4
15. cxd4 Qd7 16. Qb3 Bxd3 17. Qxd3 Qf5 18. Qb3 Qd7 19. Bh6 Rfe8 20. Qd3 Nf5 21.
Bf4 Ng7 22. Be5 Qf5 23. Qb3 Re7 24. Qb4 Rae8 25. Qc5 a6 26. b4 f6 27. Bg3 Qd7
0-1

[Event "AUTO-ADV-3075"]
[Site "http://www.queenalice.com/game.php?id=1256045"]
[Date "2014.2.13"]
[Round "1"]
[White "Cavalier64"]
[Black "acam"]
[Result "0-1"]
[WhiteElo "2066"]
[BlackElo "2292"]

1. e4 c5 2. b3 d6 3. Bb5+ Bd7 4. Bxd7+ Qxd7 5. Nf3 Nf6 6. d3 g6 7. Bb2 Bg7 8. c4
O-O 9. O-O Nc6 10. Qe2 Nh5 11. Bxg7 Kxg7 12. Qe3 Kg8 13. Qh6 e5 14. Ng5 f6 15.
Nf3 Nf4 16. h3 Nxd3 17. Nc3 Ne7 18. Rad1 Nf4 19. Nb5 d5 20. exd5 Nf5 21. Nxe5
fxe5 22. Qg5 Nd4 23. Nxd4 exd4 24. Rde1 Rae8 25. Qg4 Qxg4 26. hxg4 Ne2+ 0-1

[Event "AUTO-ADV-3075"]
[Site "http://www.queenalice.com/game.php?id=1256046"]
[Date "2014.2.13"]
[Round "1"]
[White "acam"]
[Black "Cavalier64"]
[Result "1-0"]
[WhiteElo "2286"]
[BlackElo "2073"]

1. e4 e5 2. Nf3 Nc6 3. Bc4 Bc5 4. O-O d6 5. Nc3 Nf6 6. d3 Bg4 7. h3 Bxf3 8. Qxf3
Nd4 9. Qg3 O-O 10. Bh6 Ne8 11. Bb3 b5 12. Be3 Nxb3 13. axb3 Bxe3 14. Qxe3 a6 15.
b4 c6 16. d4 Nf6 17. Rfd1 Qb6 18. Rd3 Rfd8 19. dxe5 Qxe3 20. fxe3 1-0

[Event "AUTO-ADV-3075"]
[Site "http://www.queenalice.com/game.php?id=1256047"]
[Date "2014.2.13"]
[Round "1"]
[White "Cavalier64"]
[Black "Nunes"]
[Result "0-1"]
[WhiteElo "2049"]
[BlackElo "1617"]

1. e4 e5 2. f4 d5 3. exd5 e4 4. Nc3 Nf6 5. d3 Bb4 6. dxe4 O-O 7. Bd3 Re8 8. Bd2
Bxc3 9. Bxc3 Nxe4 10. Kf1 Nxc3 11. bxc3 Qf6 12. Qd2 Bf5 13. Nf3 Nd7 14. Kf2 Nc5
15. Rab1 Bxd3 16. cxd3 Qf5 17. Rbd1 Qxd5 18. Rhe1 Rxe1 0-1

[Event "AUTO-ADV-3075"]
[Site "http://www.queenalice.com/game.php?id=1256048"]
[Date "2014.2.13"]
[Round "1"]
[White "Nunes"]
[Black "Cavalier64"]
[Result "1-0"]
[WhiteElo "2167"]
[BlackElo "2061"]

1. e4 e5 2. Nf3 d6 3. d4 Bg4 4. dxe5 Bxf3 5. Qxf3 dxe5 6. Bc4 Nf6 7. Qb3 Qe7 8.
Qxb7 Qb4+ 9. Qxb4 Bxb4+ 10. c3 Be7 11. O-O Nbd7 12. Nd2 O-O 13. Nb3 a5 14. a4 c6
15. f3 Nb6 16. Be2 Rfb8 17. Nd2 Bc5+ 18. Kh1 Rd8 19. Nb3 Be7 20. Be3 Nbd7 21.
Bc4 Rdb8 22. Rf2 1-0

[Event "Challenge"]
[Site "http://www.queenalice.com/game.php?id=1257446"]
[Date "2014.2.17"]
[Round "-"]
[White "Cavalier64"]
[Black "brunocalixto"]
[Result "1-0"]
[WhiteElo "2032"]
[BlackElo "1786"]

1. e4 c5 2. Nc3 d6 3. Nf3 Nf6 4. Bb5+ Bd7 5. Bxd7+ Nbxd7 6. O-O g6 7. d4 cxd4 8.
Nxd4 Bg7 9. Kh1 O-O 10. f4 e5 11. Ndb5 exf4 12. Bxf4 Re8 13. Nxd6 Re7 14. Qf3
Ne5 15. Bxe5 Rxe5 16. Rad1 Qe7 17. Rd3 Rf8 18. b3 Nd7 19. Nc4 Rg5 20. Nd5 Qd8
21. Rfd1 b5 22. Ne7+ Qxe7 23. Rxd7 Qe6 24. R1d6 Qg4 25. Ne3 Qxf3 26. gxf3 f5 27.
f4 Rh5 28. Rxa7 fxe4 29. Rdd7 Bf6 30. Kg2 g5 31. f5 Rh4 32. h3 h5 33. Rh7 Rf4
34. Rxh5 Bd4 35. Rxg5+ Kh8 36. Ra6 Rf7 37. Rh6+ Rh7 38. Rxh7+ Kxh7 39. Rg3 b4
40. h4 Rxh4 41. Nd5 Rh5 42. Rh3 Kh6 43. Rxh5+ 1-0

[Event "Challenge"]
[Site "http://www.queenalice.com/game.php?id=1258197"]
[Date "2014.2.19"]
[Round "-"]
[White "Cavalier64"]
[Black "adelio"]
[Result "1-0"]
[WhiteElo "2064"]
[BlackElo "1793"]

1. e4 g6 2. Nf3 a6 3. Bc4 d5 4. Bxd5 e6 5. Bb3 b5 6. O-O Nc6 7. d4 f6 8. d5 Ne5
9. Nxe5 fxe5 10. Be3 Qd6 11. Nc3 h5 12. Ne2 h4 13. c4 exd5 14. c5 Qf6 15. exd5
Qf5 16. Bc2 Qh5 17. Nc3 Nf6 18. Qxh5 Rxh5 19. Bxg6+ Kd8 20. Bxh5 Nxh5 21. Rad1
h3 22. Bg5+ Be7 23. Bxe7+ Kxe7 24. d6+ Kd7 25. Rfe1 Bb7 26. Rxe5 Bxg2 27. Rxh5
Rg8 28. Rh7+ Ke6 29. Re1+ Kf6 30. Rxc7 Bd5+ 31. Kf1 Bc4+ 32. Ne2 Kf5 33. d7 Rg2
34. d8=Q Rxh2 35. Qf8+ Ke5 36. Qf4+ Ke6 37. Qxh2 Bxe2+ 38. Rxe2+ Kd5 39. Qxh3
Kc4 40. Re4+ Kd5 41. Qd3# 1-0